00513nam a2200181 a 450000100100000000500170001000800410002702000150006804000250008310000240010824500470013225000110017926000330019030000210022349000220024450000220026665100430028800000810620200929154433.0870722s1981 sp 001 0 spa  a8432035947 aDO-SdBNPbspacBNPHU1 aIzquierdo, Antonio.10aYo, testigo de cargo /cAntonio Izquierdo. a7a ed. aBarcelona :bPlaneta,c1981. a185 p. ;c20 cm.1 aDocumentovno. 54 aIncluye índice. 4aEspañaxPolítica Y Gobiernoy1975-